| 000 | 00613nam a22001937a 4500 | ||
|---|---|---|---|
| 999 |
_c138897 _d138897 |
||
| 005 | 20230405153919.0 | ||
| 010 | _aENG-117818 ENG-136614 | ||
| 020 |
_a9789384002022 _c350.00 |
||
| 035 | _aEN-101350 EN-120146 | ||
| 037 | _bDBAD/PUB | ||
| 082 | _a659.10954147 | ||
| 100 | _aDattamajumdar,Satrupa | ||
| 245 |
_aSome aspects of advertisting discourse / _cby Satarupa Dattamajumdar |
||
| 260 |
_c2014 _aKolkata _bGangchil |
||
| 270 |
_aMatir Bari,Omkar Park, Ghola Bazar _bKolkata _e700111 |
||
| 300 |
_c23cm(Hb) : _a72p. |
||
| 500 | _aIncludes index | ||
| 942 |
_cEN _2ddc _h659.10954147 _mDAT |
||